Production and Operations Management (Record no. 5365)

MARC details
000 -LEADER
fixed length control field 00346nam a2200145Ia 4500
008 - FIXED-LENGTH DATA ELEMENTS--GENERAL INFORMATION
fixed length control field 191201s2011 xx 000 0 und d
082 ## - DEWEY DECIMAL CLASSIFICATION NUMBER
Classification number 658.5
Item number PRK
100 ## - MAIN ENTRY--PERSONAL NAME
Personal name KACHRU, Upendra
245 #0 - TITLE STATEMENT
Title Production and Operations Management
250 ## - EDITION STATEMENT
Edition statement Rep
260 ## - PUBLICATION, DISTRIBUTION, ETC. (IMPRINT)
Place of publication, distribution, etc N. Delhi
Name of publisher, distributor, etc Excel Books
Date of publication, distribution, etc 2011
300 ## - PHYSICAL DESCRIPTION
Extent 811
650 ## - SUBJECT ADDED ENTRY--TOPICAL TERM
Topical term or geographic name as entry element MBA
942 ## - ADDED ENTRY ELEMENTS (KOHA)
Source of classification or shelving scheme Dewey Decimal Classification
Koha item type Text Books
Holdings
Withdrawn status Lost status Source of classification or shelving scheme Damaged status Not for loan Collection code Home library Current library Date acquired Source of acquisition Cost, normal purchase price Bill Number Total Checkouts Full call number Acc. no. / Barcode Date last seen Bill Date Koha item type Checked out Date last borrowed
    Dewey Decimal Classification     MBA PIET C-LIBRARY PIET C-LIBRARY 16/07/2012 IBH, New Delhi 450.00 5677   658.5 KAP 20110 04/12/2019 14/07/2012 Text Books    
    Dewey Decimal Classification     MBA PIET C-LIBRARY PIET C-LIBRARY 16/07/2012 IBH, New Delhi 450.00 5677   658.5 KAP 20111 04/12/2019 14/07/2012 Text Books    
    Dewey Decimal Classification     MBA PIET C-LIBRARY PIET C-LIBRARY 16/07/2012 IBH, New Delhi 450.00 5677 1 658.5 KAP 20112 29/01/2025 14/07/2012 Text Books 18/08/2025 29/01/2025
    Dewey Decimal Classification     MBA PIET C-LIBRARY PIET C-LIBRARY 16/07/2012 IBH, New Delhi 450.00 5677   658.5 KAP 20113 04/12/2019 14/07/2012 Text Books    
    Dewey Decimal Classification     MBA PIET C-LIBRARY PIET C-LIBRARY 16/07/2012 IBH, New Delhi 450.00 5677 1 658.5 KAP 20114 06/01/2026 14/07/2012 Text Books   07/05/2025
    Dewey Decimal Classification     MBA PIET C-LIBRARY PIET C-LIBRARY 16/07/2012 IBH, New Delhi 450.00 5677   658.5 KAP 20115 04/12/2019 14/07/2012 Text Books    
    Dewey Decimal Classification     MBA PIET C-LIBRARY PIET C-LIBRARY 16/07/2012 IBH, New Delhi 450.00 5677   658.5 KAP 20116 04/12/2019 14/07/2012 Text Books    

Design & Developed by: PIET Central Library
R70 Miles Stone Pattikalyana Samalkha Panipat 132102
mail ID :- [email protected], Phone No:- 0180-2569700 Ex.216